ITV in American Samoa : After Nine Years /
El presente es un reporte de una investigación sobre el impacto que tuvo la introducción de tecnología educativa, en particular la televisión en la educación formal para los alumnos de Samoa Americana. El estudio de evalucación fue dirigido por Wilbur Scharmm y fue realizado después de 9 años de que...
Збережено в:
| Автор: | |
|---|---|
| Формат: | Книга |
| Мова: | Іспанська |
| Серія: | (Studies in Educational Technology)
|
| Предмети: | |
| Теги: |
Немає тегів, Будьте першим, хто поставить тег для цього запису!
|
MARC
| LEADER | 00000nam^a2200000^a^4500 | ||
|---|---|---|---|
| 001 | 000181334 | ||
| 005 | 20250521000000.0 | ||
| 009 | 20260310101929.363 | ||
| 037 | |a Acervo ITESO - Biblioteca | ||
| 041 | |a ESP | ||
| 082 | |a 371. 3358099613 |b SCH | ||
| 100 | |a Schramm, Wilbur |e (autor) | ||
| 245 | 1 | 0 | |a ITV in American Samoa : |b After Nine Years / |c W. Schramm. |
| 264 | |a Washington, EUA : |b Academy for Educational Development, Information Center on Instructional Technology, |c 1973 | ||
| 300 | |a 55 | ||
| 336 | |a texto |b txt |2 rdacontenido | ||
| 337 | |a sin mediación |b n |2 rdamedio | ||
| 338 | |a volumen |b nc |2 rdasoporte | ||
| 440 | 1 | |a (Studies in Educational Technology) | |
| 520 | |a El presente es un reporte de una investigación sobre el impacto que tuvo la introducción de tecnología educativa, en particular la televisión en la educación formal para los alumnos de Samoa Americana. El estudio de evalucación fue dirigido por Wilbur Scharmm y fue realizado después de 9 años de que el proyecto estuviera funcionando. Se realizó en los primeros años de los años 70. El objeto de estudio es el mejoramiento del uso del inglés como segunda lengua en los estudiantes y qué tanto la televisión ayudó a incorporar dicha lengua en los habitantes de la isla. | ||
| 649 | |a XX | ||
| 650 | |a Televisión - |z Samoa Americana - |x Función Educativa | ||
| 650 | |a Televisión |z Samoa Americana - |x Investigación | ||
| 650 | |a Medios Audiovisuales en la Educación - |z Samoa Americana - |x Investigación | ||
| 650 | |a Apoyos Didácticos | ||
| 650 | |a Didáctica | ||
| 650 | |a Metodología Educativa | ||
| 650 | |a Proceso Educativo | ||
| 650 | |a Aprendizaje | ||
| 650 | |a Competencias (Educación) | ||
| 650 | |a Aprendizaje Significativo | ||
| 650 | |a Inglés | ||
| 650 | |a Lenguas Germánicas | ||
| 650 | |a Lenguas Extranjeras - |x Estudio y Enseñanza | ||
| 650 | |a Lenguaje y Educación | ||
| 650 | |a Comunicación Educativa | ||
| 650 | |a Interacción Comunicativa | ||
| 650 | |a Competencia Comunicativa | ||
| 650 | |a Competencia Lingüística | ||
| 650 | |a Igualdad y Desigualdad | ||
| 650 | |a Evaluación Educativa | ||
| 650 | |a Evaluación del Alumno | ||
| 650 | |a Evaluación del Programa | ||
| 650 | |a Reforma Educativa - |z Samoa Americana | ||
| 650 | |a Cambios Sociales y Culturales - |z Samoa Americana | ||
| 650 | |a Metodología Cualitativa | ||
| 650 | |a Entrevistas | ||
| 650 | |a Investigación Educativa | ||
| 910 | |a Fondo General | ||
| 920 | |a Impresos - Libros | ||
| 930 | |a Colección General | ||
| 905 | |a 101 | ||
| 901 | |a 0500121318 |b IT1 |c ACC |u 20250521 | ||
| 902 | |a https://opac.biblio.iteso.mx/vufind/Record/000181334 | ||